Największe miasta nad morzem środziemnym - Statystyki

Ogólne statystyki
  • Ten quiz został rozwiązany 33 razy
  • Średni wynik to 24 z 95
Statystyki odpowiedzi
Miasto Państwo Ludność Rok sprawdzania ludności % Poprawnych
Stambuł Turcja ~15 840 900 2021
93%
Barcelona Hiszpania 1 620 809 2017
89%
Neapol Włochy 922 094 2021
86%
Algier Algieria 2 988 145 2005
82%
Aleksandria Egipt 4 546 231 2013
79%
Bejrut Liban 2 060 363 2012
75%
Palermo Włochy 657 936 2004
75%
İzmir Turcja 4 425 789 2021
71%
Trypolis Libia ~2 220 000 2011
71%
Trypolis Liban ~192 000 2006
71%
Walencja Hiszpania 801 545 2020
71%
Marsylia Francja 868 277 2018
68%
Antalya Turcja 2 619 832 2021
64%
Genua Włochy 595 025 2014
61%
Nicea Francja 342 295 2013
61%
Saloniki Grecja 315 196 2011
61%
Tel Awiw-Jafa Izrael 474 534 2022
57%
Wenecja Włochy 252 492 2023
57%
Malaga Hiszpania 574 654 2019
54%
Bari Włochy 315 972 2022
50%
Katania Włochy 298 762 2023
50%
Hajfa Izrael 259 502 2012
43%
Split Chorwacja 167 121 2011
43%
Alanya Turcja 350 636 2021
39%
Pireus Grecja 163 688 2011
39%
Rimini Włochy 144 545 2012
39%
Alicante Hiszpania 328 648 2015
36%
Heraklion / Iraklion Grecja 140 730 2011
36%
Palma de Mallorca Hiszpania 400 578 2015
36%
Syrakuzy Włochy 123 322 2004
32%
Bengazi Libia ~712 000 2008
29%
Cagliari Włochy 149 572 2021
29%
Gaza Izrael 590 481 2017
29%
Mesyna Włochy 218 786 2023
29%
Oran Algieria 609 940 2008
29%
Ankona Włochy 102 521 2010
25%
Durrës Albania 113 249 2011
25%
Port Said Egipt 524 433 2010
25%
Triest Włochy 208 614 2007
25%
Livorno Włochy 159 431 2015
21%
Rijeka Chorwacja 108 622 2021
21%
Kartagena Hiszpania 211286 2007
18%
Latakia Syria ~554 000 -
18%
Salerno Włochy 140 580 2007
18%
Tarent Włochy 198 011 2013
18%
Tarragona Hiszpania 134 883 2022
18%
Almería Hiszpania 194 203 2015
14%
Bodrum Turcja 187 284 2021
14%
Mersin Turcja 1 040 507 2022
14%
Patras Grecja 260 308 2011
14%
Pescara Włochy 119 820 2018
14%
Algeciras Hiszpania 122 368 2022
11%
Badalona Hiszpania 215 848 2017
11%
Marbella Hiszpania 143 386 2019
11%
Tartus Syria ~118 000 2008
11%
Tetuan Maroko 355 656 2013
11%
Annaba Algieria 272 807 2012
7%
Aszkelon Izrael 119 309 2012
7%
İskenderun Turcja 251 682 2022
7%
Limassol Cypr 108 105 2021
7%
Misrata Libia ~400 000 2005
7%
Reggio di Calabria Włochy 170 951 2023
7%
Safakis Tunezja 272 801 2014
7%
Tekirdağ Turcja 142 602 2023
7%
Tobruk Libia 133 301 2010
7%
Aszdod Izrael 255 708 2012
4%
Bizerta Tunezja 142 966 2014
4%
Damietta Egipt 206 664 2006
4%
İzmit Turcja 293 339 2009
4%
Nador Maroko 145 608 2010
4%
Netanja Izrael 188 601 2012
4%
Rafah Izrael 190 616 2010
4%
Susa Tunezja 221 530 2004
4%
Tulon Francja 179 659 2020
4%
Al-Arisz Egipt 141 595 2006
0%
Al-Chums Libia ~207 000 -
0%
Az-Zawija Libia 198 567 2008
0%
Bat Jam Izrael ~129 000 2009
0%
Burdż al-Kifan Algieria 151 950 2008
0%
Chan Junus Izrael 263 911 2010
0%
Darna Libia ~126 000 2003
0%
Dżidżili / Dżidżal Algieria 134 839 2008
0%
Fethiye Turcja 151 474 2016
0%
Kabis Tunezja 116 323 2004
0%
Kalitea Grecja 100 641 2011
0%
Mataró Hiszpania 128 956 2022
0%
Mustaghanim Algieria 145 696 2008
0%
Osmaniye Turcja 172 977 2000
0%
Riszon le-Cijjon Izrael 250 296 2012
0%
Rosetta Egipt 125 778 2021
0%
Sabrata Libia 102 037 2005
0%
Silivri Turcja 117 287 2023
0%
Sukajkida / Sakikda Algieria 174 554 2012
0%
Tadżura Libia ~100 000 -
0%
Zalitan Libia 109 972 -
0%
Nie znaleziono quizów pasujących do podanych kryteriów
Rozkład punktacji
Procent ludzi z każdym wynikiem
Percentyl według liczby udzielonych odpowiedzi
Twoja historia wyników
Nie rozwiązałeś tego quizu